Contemplating on question what is web design and web site?

Na minha lista:
Detalhes bibliográficos
Autor principal: Surovi, Pavel
Formato: Capítulo de Livro
Idioma:inglês
Tags: Adicionar Tag
Sem tags, seja o primeiro a adicionar uma tag!

MARC

LEADER 00000naa$a2200000$$$4500
001 0061307
005 20240502071703.5
041 0 |a eng 
044 |a SK 
245 1 0 |a Contemplating on question what is web design and web site?  |c Pavel Surovi 
100 1 |a Surovi, Pavel